|
|
|
|
| LEADER |
00000nam a2200000 4500 |
| 001 |
vtls012250987 |
| 003 |
SK-MaSNL |
| 005 |
20260331212555.0 |
| 008 |
240221s2019 rb a g c 000 0dsrp |
| 015 |
|
|
|a SNBZSE2024
|
| 020 |
|
|
|a 9788681086230
|q (brožované)
|
| 040 |
|
|
|a SNK
|b slo
|c SNK
|e rda
|
| 041 |
0 |
|
|a srp
|a slo
|
| 043 |
|
|
|a e-rb---
|
| 044 |
|
|
|a rb
|c RS
|
| 072 |
|
7 |
|a 75
|x Maliarstvo
|2 konspekt
|
| 080 |
|
|
|a 75(437.6)
|2 2011
|
| 080 |
|
|
|a 75.031.2"18/20"
|2 2011
|
| 080 |
|
|
|a (497.11)
|2 2011
|
| 080 |
|
|
|a (497.113)
|2 2011
|
| 080 |
|
|
|a (083.824)
|2 2011
|
| 100 |
1 |
|
|a Bačúr, Ján,
|d 1937-2022
|4 art
|9 49083
|
| 245 |
1 |
0 |
|a Jan Bačur
|b bard slovačkog naivnog slikarstva u Srbiji
|c autori tekstova Drago Njegovan, Pavel Babka, Tatjana Bugarski, Aleksandra Stefanov ; prevod Daniela Durašova ; fotografije Samuel Kraľovski
|
| 246 |
3 |
1 |
|a Ján Bačúr
|b bard slovenského insitného umenia v Srbsku
|
| 264 |
|
1 |
|a Novi Sad
|b Muzej Vojvodine
|c [2019]
|
| 300 |
|
|
|a 56 strán
|b farebné fotografie
|c 27 cm
|
| 336 |
|
|
|a text
|b txt
|2 rdacontent
|
| 336 |
|
|
|a statický obraz
|b sti
|2 rdacontent
|
| 337 |
|
|
|a bez média
|b n
|2 rdamedia
|
| 338 |
|
|
|a zväzok
|b nc
|2 rdacarrier
|
| 366 |
|
|
|e 400 kusov
|
| 500 |
|
|
|a Životopisné dáta, zoznam samostatných výstav a katalóg vystavených diel
|
| 546 |
|
|
|a Súbežný názov a text v slovenčine
|
| 600 |
1 |
7 |
|a Bančúr, Ján
|d 1937-
|2 SNKMA
|9 624513
|
| 650 |
0 |
7 |
|a slovenské maliarstvo
|2 SNKPH
|9 3124
|
| 650 |
0 |
7 |
|a insitné maliarstvo
|2 SNKPH
|9 209167
|
| 650 |
0 |
7 |
|a Slovak painting
|2 SNKPHeng
|9 302574
|
| 650 |
0 |
7 |
|a Naive painting
|2 SNKPHeng
|9 116630
|
| 651 |
|
7 |
|a Padina (Kovačica, Srbsko)
|2 SNKPH
|9 89548
|
| 651 |
|
7 |
|a Padina (Kovačica, Serbia)
|2 SNKPHeng
|9 213612
|
| 651 |
|
7 |
|a Vojvodina (Srbsko)
|2 SNKPH
|9 27375
|
| 651 |
|
7 |
|a Vojvodina (Serbia)
|2 SNKPHeng
|9 265200
|
| 655 |
|
7 |
|a katalógy výstav
|2 SNKPH
|9 70445
|
| 655 |
|
7 |
|a Exhibition catalogs
|2 SNKPHeng
|9 266232
|
| 700 |
1 |
|
|a Babka, Pavel
|4 aut
|9 624514
|
| 700 |
1 |
|
|a Bugarski, Tatjana,
|d 1976-
|4 aut
|9 624515
|
| 700 |
1 |
|
|a Stefanov, Aleksandra
|4 aut
|9 624516
|
| 700 |
1 |
|
|a Ďurašová, Daniela
|4 trl
|9 624517
|
| 700 |
1 |
|
|a Kraľovský, Samuel
|4 pht
|9 624518
|
| 700 |
1 |
|
|a Njegovan, Drago,
|d 1955-
|4 aut
|9 336623
|
| 852 |
|
|
|a Slovenská národná knižnica
|
| 919 |
|
|
|a 978-86-81086-23-0
|
| 954 |
|
|
|a obrazové publikácie zamerané na výtvarné umenie a fotografiu pôvodné (slovenské)
|2 lita
|
| 958 |
|
|
|a ZS
|
| 999 |
|
|
|c 959638
|d 961568
|
| 952 |
|
|
|a SNK
|b SNK
|y PREZ
|7 0
|p 17A1543179
|o snkOSB 21418
|i snk2024/5827
|8 2
|g 8.66
|0 0
|1 0
|4 0
|d 2024-02-21
|l 0
|r 2026-02-24 10:15:28
|w 2026-02-24
|